000
00173nam a2200073Ia 4500
008
170524s9999 xx 000 0 und d
100
_a
RATHOR- B.S
245
0
_a
Export Management
260
_b
Delhi : Himalya
999
_c
8568
_d
8568